[Event "Sofia MGU op 180th"]
[Site "Sofia"]
[Date "2017.01.22"]
[Round "6"]
[White "Andreev, Krasimir"]
[Black "Anavi, David"]
[Result "1/2-1/2"]
[WhiteElo "1882"]
[BlackElo "1292"]
[PlyCount "50"]
[EventDate "2017.01.21"]
[EventType "swiss"]
[EventRounds "6"]
[EventCountry "BUL"]
[SourceTitle "CBM 176 Extra"]
[Source "ChessBase"]
[SourceDate "2017.03.02"]
[SourceVersion "1"]
[SourceVersionDate "2017.03.02"]
[SourceQuality "1"]

1. e4 e5 2. Nf3 Nc6 3. d4 exd4 4. Nxd4 Bc5 5. Nxc6 bxc6 6. Bd3 Nf6 7. 0-0 0-0 8. Bg5 d6 9. h3 Be6 10. Qf3 h6 11. Be3 Bb6 12. c4 Bxe3 13. Qxe3 d5 14. e5 dxc4 15. exf6 cxd3 16. fxg7 Kxg7 17. Rd1 Bf5 18. Qe5+ Qf6 19. Qxc7 Qxb2 20. Nd2 Qf6 21. Nc4 Qg5 22. Qxc6 Bxh3 23. Nd6 Qg6 24. g3 Rac8 25. Qd5 Rcd8 1/2-1/2

[Event "Sofia MGU op 180th"]
[Site "Sofia"]
[Date "2017.01.21"]
[Round "2"]
[White "Andreev, Krasimir"]
[Black "Babatov, Martin"]
[Result "1-0"]
[WhiteElo "1882"]
[BlackElo "1625"]
[PlyCount "67"]
[EventDate "2017.01.21"]
[EventType "swiss"]
[EventRounds "6"]
[EventCountry "BUL"]
[SourceTitle "CBM 176 Extra"]
[Source "ChessBase"]
[SourceDate "2017.03.02"]
[SourceVersion "1"]
[SourceVersionDate "2017.03.02"]
[SourceQuality "1"]

1. e4 c6 2. d4 d5 3. exd5 cxd5 4. Bd3 Nc6 5. c3 Nf6 6. h3 g6 7. Be3 Bg7 8. Nf3 a6 9. Nbd2 b5 10. 0-0 0-0 11. Ne5 Nxe5 12. dxe5 Nd7 13. f4 e6 14. Bd4 Nb6 15. b3 Bd7 16. Qe2 Qc7 17. Qe3 Nc8 18. Bc5 Re8 19. b4 Bf8 20. Bxf8 Rxf8 21. Be2 Nb6 22. Rac1 Nc4 23. Bxc4 dxc4 24. Ne4 Qa7 25. Nc5 Bc6 26. g4 Bd5 27. f5 gxf5 28. Qg5+ Kh8 29. Qf6+ Kg8 30. gxf5 exf5 31. Kh2 Rfc8 32. Rg1+ Kf8 33. Qd6+ Qe7 34. Nd7+ 1-0

[Event "Sofia MGU op 179th"]
[Site "Sofia"]
[Date "2017.01.15"]
[Round "4"]
[White "Andreev, Krasimir"]
[Black "Kolev, Lachezar"]
[Result "1/2-1/2"]
[WhiteElo "1882"]
[BlackElo "1854"]
[PlyCount "88"]
[EventDate "2017.01.14"]
[EventType "swiss"]
[EventRounds "6"]
[EventCountry "BUL"]
[SourceTitle "CBM 176 Extra"]
[Source "ChessBase"]
[SourceDate "2017.03.02"]
[SourceVersion "1"]
[SourceVersionDate "2017.03.02"]
[SourceQuality "1"]

1. e4 c5 2. Nf3 d6 3. d4 cxd4 4. Nxd4 Nf6 5. Bd3 a6 6. c4 e6 7. 0-0 Nbd7 8. Qe2 b6 9. b3 Bb7 10. Nd2 Be7 11. Bb2 Qc7 12. Rad1 Nc5 13. Bb1 0-0-0 14. f4 e5 15. Nf5 g6 16. Nxe7+ Qxe7 17. f5 g5 18. b4 Ncd7 19. Bd3 Kb8 20. Rb1 Ka7 21. Ba1 g4 22. a4 h5 23. Rb3 h4 24. Bc3 Rb8 25. Ra1 Qd8 26. Qe3 Ra8 27. Kh1 Re8 28. a5 Kb8 29. Rba3 Qc7 30. Rb3 Kc8 31. Rab1 Kd8 32. axb6 Qxb6 33. c5 dxc5 34. bxc5 Qxc5 35. Qxc5 Nxc5 36. Ba5+ Ke7 37. Rxb7+ Nxb7 38. Rxb7+ Kf8 39. Bc4 Nh7 40. Rxf7+ Kg8 41. Rf6+ Kh8 42. Rg6 h3 43. gxh3 gxh3 44. Rg3 Rab8 1/2-1/2

[Event "Sofia MGU op 179th"]
[Site "Sofia"]
[Date "2017.01.15"]
[Round "6"]
[White "Andreev, Krasimir"]
[Black "Tsyntsarski, Boyko"]
[Result "1-0"]
[WhiteElo "1882"]
[BlackElo "1636"]
[PlyCount "65"]
[EventDate "2017.01.14"]
[EventType "swiss"]
[EventRounds "6"]
[EventCountry "BUL"]
[SourceTitle "CBM 176 Extra"]
[Source "ChessBase"]
[SourceDate "2017.03.02"]
[SourceVersion "1"]
[SourceVersionDate "2017.03.02"]
[SourceQuality "1"]

1. e4 c5 2. Nf3 d6 3. d4 cxd4 4. Nxd4 Nf6 5. Bd3 a6 6. c4 Qb6 7. Ne2 Nc6 8. Bc2 g6 9. a3 Ng4 10. 0-0 Bg7 11. Nbc3 0-0 12. h3 Nge5 13. b3 Qd8 14. Be3 Rb8 15. f4 Nd7 16. b4 Nb6 17. Bb3 Be6 18. Qd3 Rc8 19. Rac1 g5 20. Nd5 Bxd5 21. exd5 gxf4 22. dxc6 fxe3 23. cxb7 Rc7 24. Bc2 f5 25. Rxf5 Rxf5 26. Qxf5 Bf6 27. Rf1 e6 28. Qxf6 Qxf6 29. Rxf6 Rxb7 30. Rxe6 Nxc4 31. Bb3 d5 32. Bxc4 dxc4 33. Rxe3 1-0

[Event "Sofia MGU op 179th"]
[Site "Sofia"]
[Date "2017.01.14"]
[Round "1"]
[White "Babatov, Martin"]
[Black "Andreev, Krasimir"]
[Result "1/2-1/2"]
[WhiteElo "1625"]
[BlackElo "1882"]
[PlyCount "69"]
[EventDate "2017.01.14"]
[EventType "swiss"]
[EventRounds "6"]
[EventCountry "BUL"]
[SourceTitle "CBM 176 Extra"]
[Source "ChessBase"]
[SourceDate "2017.03.02"]
[SourceVersion "1"]
[SourceVersionDate "2017.03.02"]
[SourceQuality "1"]

1. d4 d5 2. c4 c6 3. Bf4 e6 4. e3 Bd6 5. Bxd6 Qxd6 6. c5 Qc7 7. b4 b6 8. Nd2 e5 9. Bd3 Nf6 10. h3 0-0 11. Ne2 Nbd7 12. 0-0 e4 13. Bc2 Nh5 14. f4 Ba6 15. Rf2 g6 16. g4 f5 17. Nf1 Bxe2 18. Rxe2 Ng7 19. Rg2 b5 20. a4 a6 21. axb5 axb5 22. Bb3 Qb7 23. Rga2 Rxa2 24. Rxa2 Ra8 25. Qa1 Rxa2 26. Qxa2 Kf7 27. Ng3 Nf6 28. g5 Nfe8 29. Bd1 Nc7 30. h4 Qa8 31. Qxa8 Nxa8 32. Ne2 Nc7 33. Nc1 Na6 34. Na2 Ne6 35. Kf2 1/2-1/2

[Event "Teteven op 31st"]
[Site "Teteven"]
[Date "2016.08.18"]
[Round "6"]
[White "Andreev, Krasimir"]
[Black "Bochev, Krasimir"]
[Result "0-1"]
[WhiteElo "1879"]
[BlackElo "2126"]
[PlyCount "110"]
[EventDate "2016.08.13"]
[EventType "swiss"]
[EventRounds "9"]
[EventCountry "BUL"]
[SourceTitle "CBM 173 Extra"]
[Source "ChessBase"]
[SourceDate "2016.08.29"]
[SourceVersion "1"]
[SourceVersionDate "2016.08.29"]
[SourceQuality "1"]

1. e4 g6 2. Nf3 Bg7 3. c3 c5 4. Bc4 Nc6 5. Bb3 d6 6. d3 Nf6 7. h3 0-0 8. Be3 b6 9. 0-0 Ba6 10. Re1 Ne5 11. Bc2 Rc8 12. a4 Nfd7 13. Nxe5 Nxe5 14. c4 Nc6 15. Nc3 Bb7 16. Qd2 Nd4 17. Bd1 e6 18. Bh6 a5 19. Bxg7 Kxg7 20. Nb5 e5 21. Nxd4 exd4 22. g4 Qh4 23. Qf4 Qxh3 24. Qxd6 Rc6 25. Qg3 Qxg3+ 26. fxg3 Re6 27. Rf1 Re5 28. Rf4 f5 29. gxf5 gxf5 30. Bf3 fxe4 31. dxe4 Re6 32. Re1 Ref6 33. Rxf6 Rxf6 34. Kg2 Kf7 35. g4 Ke6 36. Kg3 Ke5 37. Be2 Rf4 38. Bd3 Bc8 39. Rh1 Rxg4+ 40. Kf2 Rg7 41. Rh5+ Kf4 42. Rh6 Rb7 43. Rf6+ Ke5 44. Rf8 Be6 45. Rh8 Rf7+ 46. Ke1 Bd7 47. b3 Kf4 48. Kd2 Rg7 49. Rf8+ Ke5 50. Rh8 Rg2+ 51. Kc1 Rh2 52. Rd8 Bg4 53. Re8+ Kf4 54. Bf1 Ke3 55. e5 Rh1 0-1

[Event "Teteven op 26th"]
[Site "Teteven"]
[Date "2011.08.19"]
[Round "7"]
[White "Andreev, Krasimir"]
[Black "Bratanov, Zsivko"]
[Result "0-1"]
[WhiteElo "1990"]
[BlackElo "2457"]
[PlyCount "60"]
[EventDate "2011.08.13"]
[EventType "swiss"]
[EventRounds "9"]
[EventCountry "BUL"]
[SourceTitle "CBM 143 Extra"]
[Source "ChessBase"]
[SourceDate "2011.08.29"]
[SourceVersion "1"]
[SourceVersionDate "2011.08.29"]
[SourceQuality "1"]

1. e4 g6 2. d4 Bg7 3. c3 d5 4. e5 c5 5. Bb5+ Bd7 6. Bxd7+ Qxd7 7. Ne2 Nc6 8. 0-0 h5 9. Re1 Nh6 10. Bxh6 Bxh6 11. Nd2 e6 12. Nb3 b6 13. dxc5 Nxe5 14. cxb6 axb6 15. Qd4 Bg7 16. Qxb6 Nc4 17. Qb4 Bf8 18. Nc5 Qc6 19. Qb7 Qxb7 20. Nxb7 Ra7 21. Nf4 Kd7 22. b3 Na3 23. Rad1 Rxb7 24. c4 Bd6 25. Nd3 Nc2 26. Re2 Nd4 27. Red2 dxc4 28. bxc4 Ke7 29. c5 Bc7 30. Nf4 Rd8 0-1

[Event "BUL-ch qual"]
[Site "Velingrad"]
[Date "2004.03.14"]
[Round "3"]
[White "Dobrev, Nanko"]
[Black "Andreev, Krasimir"]
[Result "1/2-1/2"]
[WhiteElo "2402"]
[BlackElo "2157"]
[PlyCount "115"]
[EventDate "2004.03.13"]
[EventType "swiss"]
[EventRounds "9"]
[EventCountry "BUL"]
[SourceTitle "CBM 099 Extra"]
[Source "ChessBase"]
[SourceDate "2004.05.04"]
[SourceVersion "1"]
[SourceVersionDate "2004.05.04"]
[SourceQuality "1"]

1. d4 d6 2. Nf3 g6 3. c4 Bg7 4. e4 Nf6 5. Nc3 0-0 6. Be2 c6 7. 0-0 Bg4 8. Be3 Bxf3 9. Bxf3 e5 10. c5 Qe7 11. cxd6 Qxd6 12. dxe5 Qxe5 13. Qb3 b6 14. Rad1 Nbd7 15. Rd2 Rfe8 16. Rfd1 Nc5 17. Qc4 Nfxe4 18. Nxe4 Nxe4 19. Rd7 Qf5 20. Qxc6 Bxb2 21. Rxa7 Rac8 22. Qxb6 Be5 23. Qb3 Nc3 24. Bg4 Rb8 25. Bxf5 Rxb3 26. axb3 Nxd1 27. Bd7 Rb8 28. Bh6 Bd4 29. Ra2 Bxf2+ 30. Kf1 Be3 31. Bg4 Bxh6 32. Bxd1 Bf8 33. h3 h5 34. Rf2 Kg7 35. Rf3 f5 36. Rc3 Bd6 37. Bf3 Kf6 38. Ke2 Rb6 39. Bd5 h4 40. Re3 Be5 41. Kd3 Rb4 42. Bc4 Rb8 43. Kc2 g5 44. Rf3 Bf4 45. Rf1 Rd8 46. Rf2 Rb8 47. Bd3 Rc8+ 48. Kb2 Bc1+ 49. Ka2 Bf4 50. b4 Rd8 51. Rf3 Ke5 52. Bf1 g4 53. Rc3 Rd1 54. Rc5+ Kf6 55. Ba6 Rd2+ 56. Kb3 Rxg2 57. Bc8 Be5 58. Rc6+ 1/2-1/2